| 000 | 00759nam a22001337a 4500 | ||
|---|---|---|---|
| 040 | _cRUA | ||
| 082 | _aVEM MOL 2018 B649 Or.1 | ||
| 100 | _aMOL PHEARY ម៉ុល ភារី | ||
| 245 | _aatimicrobial resistance of E.coli isolated on dogs at veterinary teaching hospital of faculty veterinary medicine ភាពសាំតេរី E.coli ទល់និងឧសអង់ទីព្យូទិច នៃសត្វសុនខនៅមន្ទីពេទ្យសត្វនៃមហាវិទ្យាល័យវេជ្ចសាស្រ្តសត្វ | ||
| 260 |
_aRUA _bPhnom penh _c2018 |
||
| 300 |
_ax;45p _bill; _c29cm |
||
| 856 | _uhttps://drive.google.com/file/d/1irn2OzVndPSwlKjUhEsc9b30hOvzUwfj/view?usp=sharing | ||
| 942 | _cAVM | ||
| 999 |
_c18301 _d18301 |
||